<?xml version="1.0" encoding="UTF-8"?><?xml-stylesheet type="text/xsl" href="static/style.xsl"?><OAI-PMH xmlns="http://www.openarchives.org/OAI/2.0/" xmlns:xsi="http://www.w3.org/2001/XMLSchema-instance" xsi:schemaLocation="http://www.openarchives.org/OAI/2.0/ http://www.openarchives.org/OAI/2.0/OAI-PMH.xsd"><responseDate>2026-04-18T07:17:56Z</responseDate><request verb="GetRecord" identifier="oai:www.recercat.cat:2072/368674" metadataPrefix="marc">https://recercat.cat/oai/request</request><GetRecord><record><header><identifier>oai:recercat.cat:2072/368674</identifier><datestamp>2025-03-11T16:33:29Z</datestamp><setSpec>com_2072_220028</setSpec><setSpec>com_2072_4427</setSpec><setSpec>col_2072_479371</setSpec></header><metadata><record xmlns="http://www.loc.gov/MARC21/slim" xmlns:dcterms="http://purl.org/dc/terms/" xmlns:xsi="http://www.w3.org/2001/XMLSchema-instance" xmlns:doc="http://www.lyncode.com/xoai" xsi:schemaLocation="http://www.loc.gov/MARC21/slim http://www.loc.gov/standards/marcxml/schema/MARC21slim.xsd">
   <leader>00925njm 22002777a 4500</leader>
   <datafield ind2=" " ind1=" " tag="042">
      <subfield code="a">dc</subfield>
   </datafield>
   <datafield ind2=" " ind1=" " tag="720">
      <subfield code="a">Colom Mendoza, Enric</subfield>
      <subfield code="e">author</subfield>
   </datafield>
   <datafield ind2=" " ind1=" " tag="720">
      <subfield code="a">Járrega Domínguez, Ramón</subfield>
      <subfield code="e">author</subfield>
   </datafield>
   <datafield ind2=" " ind1=" " tag="260">
      <subfield code="c">2019</subfield>
   </datafield>
   <datafield ind2=" " ind1=" " tag="520">
      <subfield code="a">Presentem l’estudi de dues àmfores senceres conservades al Museu Bíblic Tarraconense, de procedència submarina, però que semblen haver estat produïdes a l’ager Tarraconensis. Deuen procedir d’un o dos naufragis o, menys probablement, de pèrdues de càrrega, poc després d’ésser embarcades, possiblement en el seu trànsit cap a la península itàlica, o un altre indret del Mediterrani occidental.</subfield>
   </datafield>
   <datafield ind2=" " ind1=" " tag="520">
      <subfield code="a">We present the study of two complete amphorae preserved in the Museu Bíblic Tarraconense, from submarine origin, but they seem to have been produced in the ager of Tarraco. They must come from one or two wrecks or, much less probably, from a loss of cargo shortly after being shipped, probably in destination to Italy or another place in the western Mediterranean.</subfield>
   </datafield>
   <datafield ind1="8" ind2=" " tag="024">
      <subfield code="a">http://hdl.handle.net/2072/368674</subfield>
   </datafield>
   <datafield ind2="0" ind1="0" tag="245">
      <subfield code="a">Dues àmfores de la forma Dressel 2 de l’Ager Tarraconensis, conservades al Museu Bíblic de Tarragona</subfield>
   </datafield>
</record></metadata></record></GetRecord></OAI-PMH>